<?xml version="1.0" encoding="UTF-8"?>
<record
    xmlns:xsi="http://www.w3.org/2001/XMLSchema-instance"
    xsi:schemaLocation="http://www.loc.gov/MARC21/slim http://www.loc.gov/standards/marcxml/schema/MARC21slim.xsd"
    xmlns="http://www.loc.gov/MARC21/slim">

  <leader>00625nam a22001937a 4500</leader>
  <controlfield tag="005">20251220094140.0</controlfield>
  <controlfield tag="008">251212b        |||||||| |||| 00| 0 eng d</controlfield>
  <datafield tag="040" ind1=" " ind2=" ">
    <subfield code="c">AL</subfield>
  </datafield>
  <datafield tag="041" ind1=" " ind2=" ">
    <subfield code="a">kan</subfield>
  </datafield>
  <datafield tag="082" ind1=" " ind2=" ">
    <subfield code="a">K894.8</subfield>
    <subfield code="b">RAYP</subfield>
  </datafield>
  <datafield tag="100" ind1=" " ind2=" ">
    <subfield code="a">Raymond Dcunha Takode</subfield>
    <subfield code="9">249630</subfield>
  </datafield>
  <datafield tag="100" ind1=" " ind2=" ">
    <subfield code="a">&#xCB0;&#xCC7;&#xCAE;&#xC82;&#xCA1;&#xCCD; &#xCA1;&#xCBF;&#xC95;&#xCC1;&#xCA8;&#xCCD;&#xCB9;&#xCBE; &#xCA4;&#xCBE;&#xC95;&#xCCA;&#xCA1;&#xCC6; </subfield>
    <subfield code="9">249631</subfield>
  </datafield>
  <datafield tag="245" ind1=" " ind2=" ">
    <subfield code="a">Pathi pathni suthalaya</subfield>
    <subfield code="b">: &#xCAA;&#xCA4;&#xCBF; &#xCAA;&#xCA4;&#xCCD;&#xCA8;&#xCBF; &#xCB8;&#xCC1;&#xCA4;&#xCBE;&#xCB2;&#xCAF; </subfield>
  </datafield>
  <datafield tag="260" ind1=" " ind2=" ">
    <subfield code="a">Mangalore</subfield>
    <subfield code="b">Kathabindu Prakashana</subfield>
    <subfield code="c">2020</subfield>
  </datafield>
  <datafield tag="300" ind1=" " ind2=" ">
    <subfield code="a">244p</subfield>
    <subfield code="b">PB</subfield>
    <subfield code="c">21x14cm</subfield>
  </datafield>
  <datafield tag="365" ind1=" " ind2=" ">
    <subfield code="2">Konkani</subfield>
    <subfield code="b">&#x20B9;300</subfield>
    <subfield code="c">&#x20B9;</subfield>
    <subfield code="d">&#x20B9;300</subfield>
  </datafield>
  <datafield tag="650" ind1=" " ind2=" ">
    <subfield code="a">Kannada Prose</subfield>
    <subfield code="9">248983</subfield>
  </datafield>
  <datafield tag="942" ind1=" " ind2=" ">
    <subfield code="2">ddc</subfield>
    <subfield code="c">BK</subfield>
  </datafield>
  <datafield tag="999" ind1=" " ind2=" ">
    <subfield code="c">240724</subfield>
    <subfield code="d">240724</subfield>
  </datafield>
  <datafield tag="952" ind1=" " ind2=" ">
    <subfield code="0">0</subfield>
    <subfield code="1">0</subfield>
    <subfield code="2">ddc</subfield>
    <subfield code="4">0</subfield>
    <subfield code="7">0</subfield>
    <subfield code="8">KON</subfield>
    <subfield code="a">AL</subfield>
    <subfield code="b">AL</subfield>
    <subfield code="c">SK</subfield>
    <subfield code="d">2025-12-12</subfield>
    <subfield code="e">Raymond Dcunha, Bishops House, Mangaluru-575003</subfield>
    <subfield code="g">300.00</subfield>
    <subfield code="l">0</subfield>
    <subfield code="o">K894.8 RAYP</subfield>
    <subfield code="p">078009</subfield>
    <subfield code="r">2025-12-12 14:48:16</subfield>
    <subfield code="v">300.00</subfield>
    <subfield code="w">2025-12-04</subfield>
    <subfield code="y">BK</subfield>
  </datafield>
</record>
